Normal view
MARC view
- Análisis del proceso de interacción en educación
Entry Materia
001 - NÚMERO DE CONTROL DEL REGISTRO
- campo de control: 270
003 - IDENTIFICADOR DE NUMERO DE CONTROL
- campo de control: MX-MxUPN
005 - FECHA Y HORA DE LA ÚLTIMA TRANSACCIÓN
- campo de control: 20250107131245.0
008 - DATOS DE LONGITUD FIJA
- campo de control de longitud fija: 250107n| acnnnbabn a ana |d
035 ## - NÚMERO DE CONTROL DEL SISTEMA
- Número de control del sistema: UPN10000000270
040 ## - FUENTE DE LA CATALOGACIÓN
- Centro catalogador de origen: MX-MxUPN
- Lengua de catalogación: spa
- Agencia de transcripción: MX-MxUPN
150 ## - ENCABEZAMIENTO - TEMÁTICO
- Término de materia o nombre geográfico como elemento inicial: Análisis del proceso de interacción en educación
450 ## - VÉASE - MATERIA
- Encabezamiento temático: Análisis de interacción (Educación)
450 ## - VÉASE - MATERIA
- Encabezamiento temático: Análisis de interacción en la educación
450 ## - VÉASE - MATERIA
- Encabezamiento temático: Interacción maestro-alumno
670 ## - FUENTE EN LA QUE SE LOCALIZARON DATOS
- Cita de la fuente: A
902 ## - CATALOGADOR
- Catalogador: MMA/070604
